000 00478nam a2200181Ia 4500
001 14331
005 20260306164906.0
008 260306t2001||||xx |||||||||||||| ||spa||
041 _aESP
082 _a512
_bH66
100 _aHoffmann, Laurence D.
_eAUT
245 0 _aCálculo, para administración, economía, y ciencias biológicas y sociales
260 _c2001
300 _axxi, 808 páginas :
_c27 cm.
650 _aGEN
654 _aCMA
942 _cLIB
_dJUS
_fJUS
_2ddc
_n
999 _c14331
_d14331